000 00682nam a2200229 a 4500
001 28510
003 BD-RjUL
005 20211209051307.0
008 140330s1996 ii b 000 0 eng d
035 _a(BD-RjUL)28591
040 _aANL
_beng
_cANL
_dBD-RjUL
041 _aeng
082 1 4 _a950.43
_219
_bSIH 1996
100 1 _aSingh, A. K.
_q(Akshay Kumar)
_977416
245 1 2 _aA history of the Far East in modern times /
_cA.K. Singh.
260 _aDelhi :
_bSurjeet Publications,
_c1996.
300 _aVarious pages. ;
_c23 cm.
651 0 _aChina
_xHistory.
_977417
651 0 _aJapan
_xHistory
_y20th century.
_977418
651 0 _aSouth Asia
_xHistory.
_977419
942 _2ddc
_cBK
999 _c28510
_d28510